000 01100nam a22003137a 4500
003 OSt
005 20220509035221.0
008 170329b xxu||||| |||| 00| 0 eng d
010 _a 2010933379
020 _a9781111309770 (pbk.)
020 _a1111309779 (pbk.)
040 _aMMU
_beng.
_cMMU
_dMMU
042 _alccopycat
050 0 0 _aQA76.774 .M43
_bW75 2011
082 0 0 _a005.4/46
_223
100 1 _aWright, Byron.
245 1 0 _aMCTS guide to Microsoft Windows 7 /
_cByron Wright, Leon Plesniarski.
246 3 _aMicrosoft Certified Technology Specialist guide to Microsoft Windows 7
260 _aAustralia ;
_aUnited States :
_bCengage Learning ;
_aBoston, MA :
_bCourse Technology,
_cc2011.
300 _axxi, 709 p. :
_bcol. ill. ;
_c28 cm. +
_e1 access code card.
500 _a"Networking"--Cover.
500 _a"Exam #70-680"--Cover.
500 _aIncludes index.
630 0 0 _aMicrosoft Windows (Computer file)
_vHandbooks, manuals, etc.
650 0 _aOperating systems (Computers)
650 0 _aComputer networks.
700 1 _aPlesniarski, Leon.
942 _2lcc
_cLOAN LOAN
999 _c26349
_d26349